000 00220 a2200097 4500
001 47380
100 _aWaltz K
245 _aMan the state and war
260 _aNew York
_bColumbia university
_c
090 _c30414
_d30414
942 _aNUST-CAE
_cM
_c22686
999 _c282453
_d282453